000
00305nam a2200121Ia 4500
008
180117s9999 xx 000 0 und d
100
_a
by Maricris D Martin
245
_a
Stories from Home
260
_c
2017
300
_a
14-16 pages, 2017 November 12
440
_a
Philippine Panorama
650
_a
HOME
999
_c
353297
_d
353297